Szczegóły MARC21

Das deutsche Drama bis zur Mitte des 19. Jahrhunderts : [skrypt dla studentów filologii germańskiej] /

003 -Nazwa inst., której nr kontr. jest w polu 001 [,]
    • @
    • Nazwa instytucji, której n kontrolny jest w polu 001
    • NUKAT
005 -DATA I CZAS OSTATNIEJ MODYFIKACJI [,]
    • @
    • pole kontrolne
    • 20241231092937.0
020 -Międzynarod. znormalizowany nr książki - ISBN [ , ]
    • a
    • Numer ISBN
    • 8301055006 Find
040 -Instytucja sporządzająca opis [ , ]
    • a
    • Instytucja, która sporządziła opis (NP)
    • KAT U/46MM
    • c
    • Instytucja, która sporządziła rekord (NP)
    • KAT U/46MMs
    • d
    • Instytucja, która zmodyfikowała rekord (P)
    • KAT U/46MM
942 -Rodzaj dokumentu [ , ]
    • c
    • Rodzaj dokumentu
    • Książka
100 -Hasło główne - nazwa osobowa [1, ]
    • a
    • Nazwa osobowa (NP)
    • Koziełek, Gerard
    • d
    • Daty biograficzne (NP)
    • (1928-2024).
    • 9
    • KHW
    • 31463
245 -Strefa tytułu i oznaczenia odpowiedzialności [1,4]
    • a
    • Tytuł
    • Das deutsche Drama bis zur Mitte des 19. Jahrhunderts : Find
    • b
    • Ciąg dalszy tytułu (NP)
    • [skrypt dla studentów filologii germańskiej] / Find
    • c
    • Pozostałe elementy strefy tytułu i oznaczenia odpowiedzialności (NP)
    • Gerard Koziełek, Mieczysław Urbanowicz.
250 -Strefa wydania [ , ]
    • a
    • Oznaczenie wydania (NP)
    • Wyd. 3.
260 -Strefa adresu wydawniczego [ , ]
    • a
    • Miejsce wydania (P)
    • Warszawa ;
    • a
    • Miejsce wydania (P)
    • Wrocław :
    • b
    • Nazwa wydawcy (P)
    • Państwowe Wydawnictwo Naukowe,
    • c
    • Data wydania (P)
    • 1984.
300 -Strefa opisu fizycznego [ , ]
    • a
    • Określenie formy książki i/lub objętość (NP)
    • 347, [1] s. ;
    • c
    • Format (NP)
    • 25 cm.
336 -Typ zawartości [ , ]
    • a
    • Termin opisujący typ zawartości
    • Tekst
    • b
    • Kod określający zawartość
    • txt
    • 2
    • Źródło (terminu i kodu)
    • rdacontent
337 -Typ mediów [ , ]
    • a
    • Tryb odtwarzania
    • Bez urządzenia pośredniczącego
    • b
    • Kod typu mediów
    • n
    • 2
    • Źródło (terminu i kodu)
    • rdamedia
338 -Typ/rodzaj nośnika [ , ]
    • a
    • Hasło opisujące typ nośnika
    • Wolumin
    • b
    • Kod typu nośnika
    • nc
    • 2
    • Źródło (terminu i kodu)
    • rdacarrier
546 -Uwaga dot. języka [ , ]
    • a
    • Uwaga dot. języka
    • Wstęp pol.
080 -Uniwersalna Klasyfikacja Dziesiętna [ , ]
    • a
    • Symbol klasyfikacji
    • 830-2(082.2)=30
080 -Uniwersalna Klasyfikacja Dziesiętna [ , ]
    • a
    • Symbol klasyfikacji
    • :830-822=30
655 -Hasło w funkcji tematu formalnego [ ,7]
    • a
    • Hasło
    • Dramat niemiecki
    • v
    • Określnik formy
    • antologie.
    • 2
    • Źródło terminu
    • kaba
    • 9
    • KHW
    • 588263
980 -Symbol UKD [ , ]
    • a
    • UKD
    • 830-2(082.2):830-822]=30
700 -Hasło dodatkowe - nazwa osobowa [1, ]
    • a
    • Nazwa osobowa (NP)
    • Urbanowicz, Mieczysław Find
    • d
    • Daty biograficzne (NP)
    • (1920-1970).
    • 9
    • KHW
    • 460846
710 -Hasło dodatkowe - nazwa ciała zbiorowego [2, ]
    • a
    • Nazwa ciała zbiorowego lub nazwa geograficzna jako pierwszy element (NP)
    • Państwowe Wydawnictwo Naukowe (1951-1992).
    • 4
    • Kod relacji
    • pbl
    • 9
    • KHW
    • 52048
920 -ISBN [ , ]
    • a
    • ISBN
    • 83-01-05500-6 Find
Numer inwentarzowy Status udost. Lokalizacja Data inwentaryzacji Sygnatura
W.116826-3BG1997-01-01W.116823
W.121662-3BG1997-01-01 
W.121664-3BG1997-01-01 
W.1257162BG1997-01-01W.116823
W.1257172BG1997-01-01W.116823
W.1257182BG1997-01-01W.116823
W.1257202BG1997-01-01W.116823
W.1303342BG1997-01-01W.116823
W.1279872BG1997-01-01W.116823
W.1279882BG1997-01-01W.116823
W.1279892BG1997-01-01W.116823
W.1279902BG1997-01-01W.116823
W.1279912BG1997-01-01W.116823
W.1279922BG1997-01-01W.116823
W.1279932BG1997-01-01W.116823
W.1279942BG1997-01-01W.116823
W.1279952BG1997-01-01W.116823
W.1279962BG1997-01-01W.116823
Z.556441BG1997-01-01Z.55644
W.116823-3BG1997-01-01W.116823
W.116824-3BG1997-01-01W.116823
W.116825-3BG1997-01-01W.116823
W.117139-3BG1997-01-01W.116823
W.117140-3BG1997-01-01W.116823
W.119546-3BG1997-01-01W.116823
W.119547-3BG1997-01-01W.116823
W.121663-3BG1997-01-01W.116823
W.125719-6BG1997-01-01W.116823
Z.950501BG2000-01-04 
G.221BM1997-01-01 
G.146762BM2000-04-25 
G.75982BM1997-01-01 
G.68432BM1997-01-01 
G.16698-3BM2004-01-21Germ. Antologie-dramat 04
G.12732-3BM1997-06-03Germ. Antologie-dramat 05
G.112802BM1997-01-01 
G.68442BM1997-01-01 
G.145632BM2000-01-04 
G.11281-6G1997-01-01